| 000 | 03358nam a22005655i 4500 | ||
|---|---|---|---|
| 999 |
_c43 _d43 |
||
| 003 | OSt | ||
| 005 | 20210528104831.0 | ||
| 007 | cr nn 008mamaa | ||
| 008 | 170911s2017 gw | s |||| 0|eng d | ||
| 020 | _a9780070984059 | ||
| 024 | 7 |
_a10.1007/978-3-319-57589-6 _2doi |
|
| 035 | _a978-3-319-57589-6 | ||
| 040 | _cAlupe University | ||
| 050 | 4 |
_aHB172 _b.S354 2009 |
|
| 072 | 7 |
_aKCC _2bicssc |
|
| 072 | 7 |
_aBUS044000 _2bisacsh |
|
| 072 | 7 |
_aKCC _2thema |
|
| 082 | 0 | 4 |
_a338.5 _223 |
| 100 | _q John E. Sayre | ||
| 245 | 1 | 0 |
_aPrinciples of Microeconomics _h[electronic resource] : _bAn Integrative Approach / |
| 260 |
_aVancouver, B.C. _bLangara College _c2009 |
||
| 300 | _a502p | ||
| 336 |
_atext _btxt _2rdacontent |
||
| 337 |
_acomputer _bc _2rdamedia |
||
| 338 |
_aonline resource _bcr _2rdacarrier |
||
| 347 |
_atext file _bPDF _2rda |
||
| 490 | 1 |
_aSpringer Texts in Business and Economics, _x2192-4333 |
|
| 520 | _aThis text provides a comprehensive and unique introduction to modern microeconomics. It pursues an integrative approach by putting the main findings of economics into a broader perspective; theories are critically reflected on from a philosophical standpoint and by comparing them to approaches found in the social sciences, while implications for the design of the legal system and business practices are highlighted throughout. In addition, the book presents brief examples and comprehensive case studies to facilitate an understanding of the theories’ real-world implications. Starting from the question as to why and how societies organize economic activity, the book adopts an institutional perspective to analyze the potential and limitations of different market types with regard to alleviating scarcity and achieving distributive objectives. It not only covers traditional rational-choice models, but also systematically introduces readers to important findings from behavioral economics and psychology. A companion workbook is available which features a wide variety of exercises, ranging from basic multiple-choice questions to challenging mathematical problems and case study scenarios. . | ||
| 650 | 0 | _aMicroeconomics. | |
| 650 | 0 | _aBehavioral economics. | |
| 650 | 0 | _aEconomic history. | |
| 650 | 0 | _aGame theory. | |
| 650 | 0 | _aEvolutionary economics. | |
| 650 | 1 | 4 |
_aMicroeconomics. _0http://scigraph.springernature.com/things/product-market-codes/W31000 |
| 650 | 2 | 4 |
_aBehavioral/Experimental Economics. _0http://scigraph.springernature.com/things/product-market-codes/W54000 |
| 650 | 2 | 4 |
_aHistory of Economic Thought/Methodology. _0http://scigraph.springernature.com/things/product-market-codes/W28000 |
| 650 | 2 | 4 |
_aGame theory. _0http://scigraph.springernature.com/things/product-market-codes/W29020 |
| 650 | 2 | 4 |
_aInstitutional/Evolutionary Economics. _0http://scigraph.springernature.com/things/product-market-codes/W53010 |
| 700 | _qAlan J Morris | ||
| 710 | 2 | _aSpringerLink (Online service) | |
| 773 | 0 | _tSpringer eBooks | |
| 776 | 0 | 8 |
_iPrinted edition: _z9783319575889 |
| 776 | 0 | 8 |
_iPrinted edition: _z9783319575902 |
| 776 | 0 | 8 |
_iPrinted edition: _z9783319862026 |
| 830 | 0 |
_aSpringer texts in business and economics, _x2192-4333 |
|
| 856 | 4 | 0 | _uhttps://doi.org/10.1007/978-3-319-57589-6 |
| 910 | _a6856214 | ||
| 942 |
_2lcc _cBK _nMW |
||